Những nguyên lý cơ bản của chủ nghĩa Mác - Lênin : Sách hướng dẫn học tập
Những nguyên lý cơ bản của chủ nghĩa Mác- Lenin (Phần 1) nói về những nội dung về thế giới quan và phương pháp luận triết học của chủ nghĩa Mác-Lênin
Sparad:
| Huvudupphovsman: | |
|---|---|
| Materialtyp: | Bok |
| Språk: | Undetermined |
| Publicerad: |
Cần Thơ
Nxb. Đại học Cần Thơ
2016
|
| Ämnen: | |
| Taggar: |
Lägg till en tagg
Inga taggar, Lägg till första taggen!
|
| Thư viện lưu trữ: | Trung tâm Học liệu Trường Đại học Cần Thơ |
|---|
| LEADER | 00936nam a2200205Ia 4500 | ||
|---|---|---|---|
| 001 | CTU_229370 | ||
| 008 | 210402s9999 xx 000 0 und d | ||
| 082 | |a 335.43 | ||
| 082 | |b Qu603/P.1 | ||
| 100 | |a Đinh, Ngọc Quyên | ||
| 245 | 0 | |a Những nguyên lý cơ bản của chủ nghĩa Mác - Lênin : | |
| 245 | 0 | |b Sách hướng dẫn học tập | |
| 245 | 0 | |c Đinh Ngọc Quyên (Chủ biên), Lê Ngọc Triết, Phan Văn Thạng | |
| 260 | |a Cần Thơ | ||
| 260 | |b Nxb. Đại học Cần Thơ | ||
| 260 | |c 2016 | ||
| 520 | |a Những nguyên lý cơ bản của chủ nghĩa Mác- Lenin (Phần 1) nói về những nội dung về thế giới quan và phương pháp luận triết học của chủ nghĩa Mác-Lênin | ||
| 650 | |a Philosophy, Marxist,Triết học Mác | ||
| 910 | |b nthai | ||
| 980 | |a Trung tâm Học liệu Trường Đại học Cần Thơ | ||